Numerical Solution of Burger's equation with random initial conditions using wiener chaos expansion and lax- Wendroff Method / (Record no. 526257)

000 -LEADER
fixed length control field 00556nam a22001697a 4500
003 - CONTROL NUMBER IDENTIFIER
control field NUST
020 ## - INTERNATIONAL STANDARD BOOK NUMBER
Qualifying information Hardcover.
038 ## - RECORD CONTENT LICENSOR
Staff Name Mr.Zahoor
082 ## - DEWEY DECIMAL CLASSIFICATION NUMBER
Classification number 510
100 ## - MAIN ENTRY--PERSONAL NAME
Personal name Saeed, Sadia
9 (RLIN) 16919
245 ## - TITLE STATEMENT
Title Numerical Solution of Burger's equation with random initial conditions using wiener chaos expansion and lax- Wendroff Method /
Statement of responsibility, etc. Sadia Saeed
260 ## - PUBLICATION, DISTRIBUTION, ETC.
Place of publication, distribution, etc. Islamabad :
Name of publisher, distributor, etc. CAMP - NUST,
Date of publication, distribution, etc. 2013.
300 ## - PHYSICAL DESCRIPTION
Extent iv, 52 p. : ill. ;
Dimensions 30cm.
650 ## - SUBJECT ADDED ENTRY--TOPICAL TERM
Topical term or geographic name entry element Mathematics - M.Phil Thesis
9 (RLIN) 16594
700 ## - ADDED ENTRY--PERSONAL NAME
Personal name Prof. Muneer Ahmad Rashid
9 (RLIN) 16920
942 ## - ADDED ENTRY ELEMENTS (KOHA)
Source of classification or shelving scheme
Koha item type Thesis
Holdings
Withdrawn status Lost status Source of classification or shelving scheme Damaged status Not for loan Permanent Location Current Location Shelving location Date acquired Total Checkouts Full call number Barcode Date last seen Price effective from Koha item type
          Central Library (CL) Central Library (CL) Thesis 07/10/2019   510 CL-T-2247 07/10/2019 07/10/2019 Thesis
© 2023 Central Library, National University of Sciences and Technology. All Rights Reserved.